Normal view
MARC view
- Apostol, Tom M.
Entry Personal Name
001 - CONTROL NUMBER
- control field: 8806
003 - CONTROL NUMBER IDENTIFIER
- control field: NUST
005 - DATE AND TIME OF LATEST TRANSACTION
- control field: 20180118141233.0
008 - FIXED-LENGTH DATA ELEMENTS
- fixed length control field: 180118|| aca||aabn | a|a d
040 ## - CATALOGING SOURCE
- Original cataloging agency: NUST
- Transcribing agency: NUST
100 ## - HEADING--PERSONAL NAME
- Personal name: Apostol, Tom M.
670 ## - SOURCE DATA FOUND
- Source citation: Work cat.: (NUST)29449: Apostol, Tom M., Calculus. Vol. 1 :, 2005
